|
|
|
|
| LEADER |
03585nam a2200805 i 4500 |
| 001 |
nkc20193080585 |
| 003 |
CZ PrNK |
| 005 |
20190402082350.0 |
| 007 |
ta |
| 008 |
190304s2018 xr a e c 000 0 cze |
| 015 |
|
|
|a cnb003080585
|
| 020 |
|
|
|a 978-80-7010-144-5
|q (brožováno)
|
| 035 |
|
|
|a (OCoLC)1100763118
|
| 040 |
|
|
|a BOA001
|b cze
|e rda
|
| 041 |
1 |
|
|a cze
|a eng
|b ger
|h cze
|
| 043 |
|
|
|a e-gx---
|a e-xr---
|
| 045 |
|
|
|a x2y1
|
| 072 |
|
7 |
|a 72/76
|x Výtvarné umění
|2 Konspekt
|9 21
|
| 080 |
|
|
|a 72/76
|2 MRF
|
| 080 |
|
|
|a 7.038.1
|2 MRF
|
| 080 |
|
|
|a 72/76:069.5
|2 MRF
|
| 080 |
|
|
|a 069.5-027.551
|2 MRF
|
| 080 |
|
|
|a (430)
|2 MRF
|
| 080 |
|
|
|a (437.3)
|2 MRF
|
| 080 |
|
|
|a (083.824)
|2 MRF
|
| 100 |
1 |
|
|a Beránková, Ljuba
|7 pna20191024150
|4 aut
|4 edt
|
| 245 |
1 |
0 |
|a Transformace geometrie =
|b The transformation of geometry /
|c autoři textů: Ljuba Beránková, Magdalena Juříková, Hana Larvová, Jaroslav Vančát ; překlad do anglického jazyka: Vladimíra Šefranka Žáková, překlad do německého jazyka: Angela Lindner
|
| 246 |
3 |
1 |
|a Transformation of geometry
|
| 264 |
|
1 |
|a Praha :
|b Galerie hlavního města Prahy,
|c 2018
|
| 300 |
|
|
|a 262 nečíslovaných stran :
|b ilustrace (převážně barevné) ;
|c 31 cm +
|e 1 list (59 x 84 cm složeno na 30 x 21 cm)
|
| 336 |
|
|
|a text
|b txt
|2 rdacontent
|
| 336 |
|
|
|a statický obraz
|b sti
|2 rdacontent
|
| 337 |
|
|
|a bez média
|b n
|2 rdamedia
|
| 338 |
|
|
|a svazek
|b nc
|2 rdacarrier
|
| 338 |
|
|
|a list
|b nb
|2 rdacarrier
|
| 500 |
|
|
|a "Publikace byla vydána u příležitosti stejnojmenné výstavy konané v Městské knihovně v Praze 28.11.2018-31.3.2019"--Tiráž
|
| 500 |
|
|
|a Podnázev v tiráži: Sbírka Siegfried Grauwinkel, Berlín, Sbírka Miroslav Velfl, Praha
|
| 504 |
|
|
|a Obsahuje bibliografické odkazy
|
| 546 |
|
|
|a Souběžný anglický text, německé resumé
|
| 600 |
1 |
7 |
|a Grauwinkel, Siegfried,
|d 1944-
|7 jo20191030683
|2 czenas
|
| 600 |
1 |
7 |
|a Velfl, Miroslav,
|d 1960-
|7 mzk20191022268
|2 czenas
|
| 648 |
|
4 |
|a 1927-2015
|
| 648 |
|
7 |
|a 20.-21. století
|7 ch462155
|2 czenas
|
| 650 |
0 |
7 |
|a výtvarné umění
|7 ph116708
|y 20.-21. století
|2 czenas
|
| 650 |
0 |
7 |
|a geometrická abstrakce (umění)
|7 ph170417
|y 20.-21. století
|2 czenas
|
| 650 |
0 |
7 |
|a umělecké sbírky
|7 ph135222
|z Německo
|2 czenas
|
| 650 |
0 |
7 |
|a umělecké sbírky
|7 ph135222
|z Česko
|2 czenas
|
| 650 |
0 |
7 |
|a soukromé sbírky
|7 ph135214
|z Německo
|2 czenas
|
| 650 |
0 |
7 |
|a soukromé sbírky
|7 ph135214
|z Česko
|2 czenas
|
| 650 |
0 |
9 |
|a art
|y 20th-21st centuries
|2 eczenas
|
| 650 |
0 |
9 |
|a geometric abstraction (art)
|y 20th-21st centuries
|2 eczenas
|
| 650 |
0 |
9 |
|a art collections
|z Germany
|2 eczenas
|
| 650 |
0 |
9 |
|a art collections
|z Czechia
|2 eczenas
|
| 650 |
0 |
9 |
|a private collections
|z Germany
|2 eczenas
|
| 650 |
0 |
9 |
|a private collections
|z Czechia
|2 eczenas
|
| 655 |
|
7 |
|a katalogy výstav
|7 fd132536
|2 czenas
|
| 655 |
|
9 |
|a exhibition catalogs
|2 eczenas
|
| 700 |
1 |
|
|a Juříková, Magdalena,
|d 1956-
|7 xx0035590
|4 aut
|
| 700 |
1 |
|
|a Larvová, Hana
|7 jx20080207021
|4 aut
|
| 700 |
1 |
|
|a Vančát, Jaroslav,
|d 1949-
|7 jn20010309233
|4 aut
|
| 700 |
1 |
|
|a Šefranka Žáková, Vladimíra,
|d 1961-
|7 jx20050707064
|4 trl
|
| 700 |
1 |
|
|a Lindner, Angela,
|d 1972-
|7 xx0097528
|4 trl
|
| 700 |
1 |
|
|a Grauwinkel, Siegfried,
|d 1944-
|7 jo20191030683
|4 oth
|
| 700 |
1 |
|
|a Velfl, Miroslav,
|d 1960-
|7 mzk20191022268
|4 oth
|
| 710 |
2 |
|
|a Městská knihovna (Praha, Česko)
|7 kn20010709068
|4 orm
|
| 910 |
2 |
|
|a BOA001
|b 4-1425.033
|
| 990 |
|
|
|a BK
|
| 995 |
|
|
|a 01
|
| 991 |
|
|
|b 201903
|c NOV
|
| 996 |
6 |
|
|b 2610773779
|c 4-1425.033
|l MZK
|r Sklad / do 1 hodiny
|n 0
|p p.v.
|w 001712233
|u 000010
|a 1
|e BOA001
|j MZK50
|s P
|